Countries Lara Croft has visited ( Tomb Raider ) - Statistics

General Stats
  • This quiz has been taken 138 times
    112 since last reset
  • The average score is 21 of 39
Answer Stats
Continent Country % Correct
North America United States of America
92%
South America Peru
90%
Asia China
89%
Europe United Kingdom
89%
Asia/ Europe Russia
86%
Africa Egypt
84%
North America Mexico
84%
Europe France
83%
Asia Japan
82%
Oceania Australia
77%
Asia India
75%
Europe Greece
71%
Europe Italy
70%
South America Bolivia
66%
Asia Thailand
59%
Europe Norway
58%
Europe Ireland
54%
Asia Syria
51%
Africa Ghana
47%
Oceania New Zealand
47%
Asia Nepal
45%
Asia/ Europe Turkey
45%
Europe Sweden
43%
Africa Kenya
42%
Asia Cambodia
41%
Asia Iran
40%
Africa Tanzania
39%
Europe Czech Republic
37%
Asia Kazakhstan
37%
Europe Switzerland
37%
Europe Poland
34%
Africa Sudan
33%
North America Honduras
31%
North America Belize
29%
Africa Mali
29%
Africa Somalia
28%
Europe Romania
27%
Africa Libya
25%
Africa Mauritius
5%
No matching quizzes found
Score Distribution
Percent of People with Each Score
Percentile by Number Answered
Your Score History
You have not taken this quiz since the last reset